000 01425nam0a22003011 4500
001 v19\rc\2046917
005 20250620021337.0
035 _a(NLR Aleph) 005126161
090 _a7637781
_c7637781
100 _a20081111d1905 |||y0rusy50 ca
101 1 _arus
_cger
102 _aRU
105 _ay z |||||
200 1 _aГерманские народные школы при свете статистики
_fПер. с нем. Н. Веригина, инсп. Рязан. 1-й гимназии
210 _aМосква
_cтип. Г. Лисснера и Д. Собко
_d[1905]
215 _a16 с.
_d23
309 _aБез тит. л. и обл.
311 _aПрил. к Циркулярам по Моск. уч. окр. за 1905 [№ 1]
316 _aЭкз. РНБ (6/360): приплетено к изд. ...
_5NLR: 6/360
422 0 _12001#$aЦиркуляры по Московскому учебному округу$v1905, № 1
_tЦиркуляры по Московскому учебному округу
482 0 _12001#$aЦиркуляры по Московскому учебному округу$v1905, № 1
_tЦиркуляры по Московскому учебному округу
700 1 _aШтегеман
_bГ.
_gГеорг
702 1 _aВеригин
_bН.
_4730
801 0 _aRU
_bNLR
_gpsbo
801 1 _aRU
_bProSoft-M
_2rusmarc
852 _aNLR
_j6/360
942 _cBOOK
980 _aNB